Responses for show #7793 - Wednesday, June 27, 2018

Contestants

[<< previous game]

Scott McFadden, a librarian from Muncie, Indiana

Amy Goodchild, a library youth services associate from Morton Grove, Illinois

Andrew King, a lawyer from Little Rock, Arkansas (whose 1-day cash winnings total $1,198)

[next game >>]

Jeopardy! Round responses

THE HERO'S JOURNEY
CRAFTS & HOBBIES
ALLUSIONS
WAY BACK IN THE '60s, MAN
A LITTLE MISTAKE
MAKING A FEDERAL CASE OUT OF IT
(Alex: What do we do about it? We'll be [*], that's what!)
    $200 16
Frodo Baggins

Scott
    $200 6
the Dark Ages

Amy
    $200 7
Ming

Scott
    $200 22
(Alex: With less than a minute to go.)

a boo-boo

Scott
    $200 1
perjury

Scott
    $400 17
(National Lampoon's) Vacation

Scott
    $400 12
Grand Central Station

Andrew
    $400 8
the Civil Rights Act

Scott
    $400 23
a typo

Amy
    $400 2
bribery

Andrew
    $600 18
Forrest Gump

Andrew
    $600 13
a cast of thousands

Scott
    $600 9
(Andrew: Who is Lincoln?)

Jefferson Davis

AndrewScott
    $600 21
glitch

Scott
    $600 3
sabotage

Scott
    $800 19
Coco

Andrew
    $800 14
windmills

Andrew
    $800 10
(Samuel) Pepys

Scott
    $800 24
a lapse

Amy
    $800 4
the CIA

Andrew
    $1000 20
Apocalypse Now

Andrew
    $2,000 26
(Scott: What is sewing?)
...
[The end-of-round signal sounds.]

quilting

Scott
    $1000 15
murderers' row

Scott
    $1000 11
the Huguenots

Andrew
    $1000 25
a rounding error

Scott
    $1000 5
racketeering

Andrew

Scores at the first commercial break (after clue 15):

Andrew Amy Scott
$3,800 $200 $4,400

Scores at the end of the Jeopardy! Round:

Andrew Amy Scott
$6,200 $1,400 $4,800

Double Jeopardy! Round responses

15 MINUTES OF FAME
4-LETTER U.S. CITIES
POET-POURRI
MATH WORDS
NOT IN THE ROCK & ROLL HALL OF FAME
ALLITERATION
    $400 21
Tonya Harding

Amy
    $400 1
Erie

Amy
    $400 7
World War I

Scott
    $400 4
a pyramid

Amy
    $400 16
(Amy: Who is Mariah Carey?)

Whitney Houston

AmyScott
    $400 24
a round-robin

Amy
    $800 22
Somalia

Amy
    $800 2
Nome

Scott
    $800 8
a poet laureate

Andrew
    $800 9
an ellipse

Amy
    $800 17
Devo

Scott
    $800 25
Weight Watchers

Amy
    $1200 23
a presidential debate

Andrew
    $1200 3
Katy

Andrew
    $1200 10
Sparta

Scott
    $1200 13
adjacent

Scott
    $1200 18
(Andrew: Who are The Beastie Boys?)

Radiohead

Andrew
Triple Stumper
    $1200 26
a dime a dozen

Andrew
    $1600 27
Pricewaterhouse

Scott
    $2,200 5
Vail

Amy
    $1,000 11
(William) Wordsworth

Scott
    $1600 14
a reciprocal

Andrew
    $1600 19
The Cure

Scott
    $1600 30
a bread and butter pickle

Triple Stumper
    $2000 28
fury

Andrew
    $2000 6
Hana

Triple Stumper
    $2000 12
(Scott: Who is Samuel Taylor Coleridge?)

John Greenleaf Whittier

Scott
Triple Stumper
    $2000 15
an ordered pair

Scott
    $2000 20
Motörhead

Scott
    $2000 29
a treasure trove

Amy

Scores at the end of the Double Jeopardy! Round:

Andrew Amy Scott
$13,000 $9,200 $15,800

[wagering suggestions for these scores]

Final Jeopardy! Round responses

SPORTING EVENTS
AmyWhat is the Masters Tournament?
$6,601
AndrewWhat is The Masters?
$13,000
ScottWhat is The Masters?
$10,201
the Masters Tournament

Final scores:

Andrew Amy Scott
$26,000 $15,801 $26,001
2nd place: $2,000 3rd place: $1,000 New champion: $26,001

Game dynamics:

Coryat scores:

Andrew Amy Scott
$13,000 $8,600 $18,400
15 R,
2 W
12 R
(including 1 DD),
1 W
24 R
(including 1 DD),
2 W
(including 1 DD)

Combined Coryat: $40,000

The J! Archive is created by fans, for fans. The Jeopardy! game show and all elements thereof, including but not limited to copyright and trademark thereto, are the property of Jeopardy Productions, Inc. and are protected under law. This website is not affiliated with, sponsored by, or operated by Jeopardy Productions, Inc. Join the discussion at JBoard.tv.